000 00318nam a2200121Ia 4500
008 190216s9999||||xx |||||||||||||| ||und||
100 _aJames Ward Brown & Churchill V Rued
245 0 _aComplex Variables And Applications
260 _bMcgraw -hill
_c2004
300 _a463
650 _aMathematics
942 _cBK
999 _c32151
_d32151